International Sports Federations - Statistics

General Stats
  • This quiz has been taken 20 times
  • The average score is 7 of 27
Answer Stats
Sport Federation % Correct
Football FIFA
93%
Basketball FIBA
64%
Gymnastics FIG
36%
Handball IHF
36%
Taekwondo WT
36%
Fencing FIE
29%
Field Hockey FIH
29%
Tennis ITF
29%
Table Tennis ITTF
29%
Archery WA
29%
Rugby Union WR
29%
Aquatics FINA
21%
Rowing FISA
21%
Shooting Sports ISSF
21%
Weightlifting IWF
21%
Sailing WS
21%
Boxing AIBA
14%
Volleyball FIVB
14%
Canoeing ICF
14%
Golf IGF
14%
Judo IJF
14%
Cycling UCI
14%
Wrestling UWW
14%
Equestrianism FEI
7%
Modern Pentathlon UIPM
7%
Badminton BWF
0%
Triathlon ITU
0%
No matching quizzes found
Score Distribution
Percent of People with Each Score
Percentile by Number Answered
Your Score History
You have not taken this quiz